000
00360nam a22001097a 4500
040
_c
SK
082
_a
895
100
_a
ឃីង ហុកឌី
245
_a
ទិដ្ឋភាពទូទៅនៃអក្សរសាស្ត្រខ្មែរ
260
_a
រោងពុម្ពខ្មែរ(AIK)
_b
ឃីង ហុកឌី
_c
2003
942
_c
KB
999
_c
8409
_d
8409